000 00291nam a2200121Ia 4500
008 240719s9999 xx 000 0 und d
041 _aeng
082 _a828 BRE
100 _aBrearley, Mike
245 _aThe Art Of Captaincy
260 _aLondon
_bPan Books
_c1985
300 _a386 P.; 20 Cm.
999 _c41124
_d41124